Standards, strategy and policy : cases and stories

Αποθηκεύτηκε σε:
Λεπτομέρειες βιβλιογραφικής εγγραφής
Κύριος συγγραφέας: Grindley, Peter
Μορφή: Βιβλίο
Γλώσσα:English
Δημοσίευση: Oxford : Oxford University Press, c1995
Θέματα:
Ετικέτες: Προσθήκη ετικέτας
Δεν υπάρχουν, Καταχωρήστε ετικέτα πρώτοι!

MARC

LEADER 00000nam a2200000 i 4500
001 1/97680
008 081120s1995 eng d
020 |a 0-19-828807-7 
035 |l 10101809 
040 |a GR-MY-UA  |b gre  |e aacr 
041 0 |a eng 
082 0 |a 389.6  |2 (22) 
100 1 |a Grindley, Peter. 
245 1 0 |a Standards, strategy and policy :  |b cases and stories /  |c Peter Grindley 
260 |a Oxford :   |b Oxford University Press,   |c c1995 
300 |a xiv, 285 σ.;  |c 24 εκ. 
504 |a Βιβλιογραφία: σ. [273]-278. Ευρετήριο 
650 0 0 |a Standardization  |x Case studies. 
650 0 0 |a Commercial products  |x Standards  |x Case studies. 
650 0 0 |a Electronic industries  |x Standards  |x Case studies. 
852 |a INST  |b SYROS  |e 20081120  |h 389.6 GRI  |p 005500008897  |q 005500008897  |t BK  |y 0 
901 |a BIBL5-2008-3 
909 |a Ε  |b 156246 
922 |a 5ΕΛΗ  |b 200810  |c ΕΠΕΑΕΚ2/ΤΜΣΠΣ  |d ΜΙΧΑΛΟΠΟΥΛΟΣ 
970 |a ΚΟΝΤΟΥ  |b ΠΑΡΑΣΚΕΥΗ  |z 2008/11/20